000 00746nam a22002297a 4500
003 DO-SdBNP
005 20171129151503.0
008 171116b 2004 ho ||||| |||| 00| 0 spa d
020 _a9992650125
040 _aBPMSU
_bspa
_cBPMSU
092 _axxxx
_bxxxx
100 1 _aHenríquez, Fausto Leonardo
_d1966-
245 1 0 _aInsula presentida /
_cFausto Leonardo Henríquez.
260 _aSan Pedro Sula, Honduras :
_bAteneo Insular,
_c2004.
300 _a86 p. ;
_c21 cm.
490 1 _a ínsulas extrañas
_v10
500 _aIncluye datos del autor en la solapa de la contracubierta
830 _aínsulas extrañas
_v10
942 _2ddc
_cBK
945 _aInventariado extranjero / 2017 YL
956 _aLOPEREZ
_b10
_c20171116
_h0041
_iBPMSU
999 _c12918
_d12918